Click it: computer fun reading. (Record no. 114315)
[ view plain ]
| 000 -LEADER | |
|---|---|
| fixed length control field | 00364nam a2200133 a 4500 |
| 005 - DATE AND TIME OF LATEST TRANSACTION | |
| control field | 20140414132056.0 |
| 008 - FIXED-LENGTH DATA ELEMENTS--GENERAL INFORMATION | |
| fixed length control field | 100520s19uu xx 00 eng d |
| 050 ## - LIBRARY OF CONGRESS CALL NUMBER | |
| Classification number | TR 372.4 |
| Item number | T77 1999 |
| 100 ## - MAIN ENTRY--PERSONAL NAME | |
| Personal name | Trumbauer, Lisa |
| 245 ## - TITLE STATEMENT | |
| Title | Click it: computer fun reading. |
| 650 ## - SUBJECT ADDED ENTRY--TOPICAL TERM | |
| Topical term or geographic name as entry element | Computers |
| General subdivision | Juvenile literature |
| 650 ## - SUBJECT ADDED ENTRY--TOPICAL TERM | |
| Topical term or geographic name as entry element | Reading |
| General subdivision | Data processing |
| Withdrawn status | Lost status | Damaged status | Home library | Current library | Shelving location | Date acquired | Source of acquisition | Total Checkouts | Full call number | Barcode | Date last seen | Price effective from | Koha item type |
|---|---|---|---|---|---|---|---|---|---|---|---|---|---|
| Munich Library | Munich Library | Teachers Reference Section | 05/20/2010 | TR 372.4 T77 1999 | M6120 | 04/14/2014 | 04/14/2014 | Books |